000 00467nab a2200145Ia 4500
003 ES-SlBCS
005 20210601132856.0
008 140529s1968 xxu||||| |||| 00| 0 ita d
041 _aita
100 1 _aSelvaggi, Filippo
_924919
245 0 0 _aLa responsabilità del Bellarmino nella condanna di Galileo
_c Filippo Selvaggi
600 1 4 _aGalilei, Galileo
_9131312
773 0 _tGiornali di Metafisica
_gvol. 23, nº. 2-3, 1968, págs. 219-245
_w0017-0372
942 _cAR
999 _c587022
_d587022